000 00891nam a2200229Ia 4500
999 _c47134
_d47134
001 13992
003 GE_BSU
005 20241105144935.0
008 181216s2008||||ge |||||||||||||| ||geo||
020 _a9789994042227
040 _cGE_BSU
041 _ageo
080 _a821.353.1-31 დ-90
100 _aდუმბაძე, ნოდარ
_91321
245 _aმარადისობის კანონი :
_b [რომანი] /
_cნოდარ დუმბაძე ; [რედ. რუსუდან დარჩიაშვილი].
264 _aთბილისი :
_bპალიტრა L,
_c2008.
300 _a367 გვ. ;
_c17 სმ.
541 _h6ლ.
653 _aმარადისობის კანონი
700 _a დარჩიაშვილი, რუსუდან
_eრედაქტორი
_923624
942 _cBK
_2udc